000 00752nam a2200217 i 4500
001 35275
003 ES-MaACL
005 20251010183427.0
007 t|
008 030212s1945 sp |||| | spa d
080 _a355.01:32(460)
100 1 _aBorrero y de Roldán, Francisco Luis.
_930603
245 1 0 _aPolítica y guerra /
_cFrancisco Luis Borrero y de Roldán ; prólogo del general García Valiño.
260 _aMadrid :
_bInstituto de Estudios Políticos,
_c1945 (
_fDiana)
300 _a288 p. ;
_c19 cm.
650 4 _aPolítica y guerra.
_9162281
700 1 _aGarcía-Valiño y Marcén, Rafael,
_d1898-1972
_955367
710 2 _aInstituto de Estudios Políticos (Madrid)
_94924
852 _aES-MaACL
_jE-2268
999 _c35275
_d35275